000 01009cam a22001931 4500
001 000001137
005 20200929145503.0
008 880414s1936 sp acf b 000 0 spa
040 _aDO-SdBNP
_bspa
_cBNPHU
100 1 _aGlück, Gustav,
_d1871-1952
_93891
245 1 0 _aArte del renacimiento fuera de Italia, /
_cGustav Glück.
260 _aBarcelona [etc.] :
_bEditorial Labor, s.a.,
_c[1936].
300 _a5 p. l., 13-840, [1] p. incl. plates, ports. :
_bplates (part fold. part mounted) col. mounted ports., diagrs. ;
_c28 cm.
440 0 _aHistoria del arte Labor.
_vX
_93892
500 _aMost of the mounted plates are colored.
500 _a"Obra directamente traducida del aleman por Ramon Iglesias ... con un estudio original sobre el Arte del renacimiento en Espana (texto, laminas y catalogo critico) por Jose Camon Aznar ... y las Artes industriales espanolas en el renacimiento, por Andres Calzada."
504 _aIncluye bibliografías.
700 1 _aCalzada Echevarria, Andres,
_d1892-1938.
_93893
999 _c1091
_d1091